| 000 | 00677nam a22002057a 4500 | ||
|---|---|---|---|
| 005 | 20240219101957.0 | ||
| 008 | 090826t xxu||||| |||| 00| 0 eng d | ||
| 010 | _aENG-139323 | ||
| 020 |
_c2,500.00/- _a978-93-84963-21-7 |
||
| 035 | _aENG-139323 | ||
| 040 | _bEnglish | ||
| 082 | _a921 | ||
| 245 |
_aThe story of divine Revolution1 ; _b _cSamarth Guru Shri Ram Chandraji Maharaj |
||
| 250 | _a1 | ||
| 260 |
_bSpiritual Hierarchy Publication Trust _aKolkata |
||
| 270 | _akolkata | ||
| 300 |
_ap. _c37cm.(Hb) |
||
| 942 |
_2ddc _cEN _mMAH _h921 _e1 |
||
| 999 |
_c200855 _d200855 |
||